[Event "55th World U20 ch"]
[Site "Bhubaneswar IND"]
[Date "2016.08.10"]
[Round "3.31"]
[White "Rydstrom, Tom"]
[Black "Thogersen, Rasmus"]
[Result "1/2-1/2"]
[WhiteElo "2315"]
[BlackElo "2171"]
[EventDate "2016.08.08"]
[PlyCount "74"]

1.e4 c5 2.Nf3 d6 3.d4 cxd4 4.Nxd4 Nf6 5.Nc3 a6 6.Bg5 e6 7.f4 Qb6 8.Qd3 
Qxb2 9.Rb1 Qa3 10.f5 Be7 11.Be2 Qa5 12.O-O Nc6 13.Nb3 Qb6+ 14.Kh1 O-O 15.
Qg3 Kh8 16.Rf4 Ne5 17.Rbf1 Bd7 18.Rh4 Rac8 19.Qh3 Rxc3 20.Qxc3 Nxe4 21.
Rxe4 Bxg5 22.fxe6 Bxe6 23.Rb4 Qa7 24.Qd4 Qb8 25.Qf2 Rc8 26.Bxa6 Bd5 27.Bd3
g6 28.Be4 Bc4 29.Rxb7 Qa8 30.Rc7 Qb8 31.Rxc8+ Qxc8 32.Rd1 Ng4 33.Qg3 Be3 
34.Re1 Nf2+ 35.Kg1 Nh3+ 36.Kh1 Nf2+ 37.Kg1 Nh3+ 1/2-1/2

[Event "55th World U20 ch"]
[Site "Bhubaneswar IND"]
[Date "2016.08.10"]
[Round "3.32"]
[White "Dassanayake, D. M. G. S."]
[Black "Rahul Srivatshav, P."]
[Result "1/2-1/2"]
[WhiteElo "1859"]
[BlackElo "2280"]
[EventDate "2016.08.08"]
[PlyCount "96"]

1.d4 Nf6 2.c4 g6 3.Nf3 Bg7 4.g3 O-O 5.Bg2 d6 6.O-O Nc6 7.Nc3 a6 8.Qd3 Rb8 
9.d5 Na7 10.a4 c5 11.e4 Ne8 12.Re1 Nc7 13.Bf4 f6 14.h4 Bd7 15.Reb1 b6 16.
Ne1 Rb7 17.b4 cxb4 18.Rxb4 a5 19.Rbb1 Na6 20.h5 gxh5 21.Qd2 Qc8 22.Bf1 f5 
23.exf5 Bxf5 24.Rc1 Nc5 25.Ra3 Bg6 26.Ng2 Nd7 27.Nh4 Ne5 28.Bxe5 Bxe5 29.
Nxg6 hxg6 30.Ne4 h4 31.Re1 Qg4 32.Bg2 hxg3 33.Nxg3 Rc7 34.Re4 Rf4 35.Rxf4 
Bxf4 36.Qd4 Nc8 37.Rf3 g5 38.Qe4 Kg7 39.Nf5+ Kf8 40.Nh6 Qh5 41.Rh3 Qd1+ 
42.Bf1 Qa1 43.Qe6 Qg7 44.Bd3 Na7 45.Kg2 Be5 46.Rf3+ Bf4 47.Rh3 Be5 48.Ng4 
Qf7 1/2-1/2

[Event "55th World U20 ch"]
[Site "Bhubaneswar IND"]
[Date "2016.08.10"]
[Round "3.33"]
[White "Ritviz Bhiva, Parab"]
[Black "Weerasinghe, C. C."]
[Result "1-0"]
[WhiteElo "2259"]
[BlackElo "1785"]
[EventDate "2016.08.08"]
[PlyCount "73"]

1.e4 c5 2.Nc3 Nc6 3.f4 g6 4.Nf3 Bg7 5.Bb5 Nd4 6.O-O a6 7.Bd3 d6 8.Nxd4 
cxd4 9.Ne2 Nf6 10.c3 dxc3 11.bxc3 O-O 12.a4 Qb6+ 13.Kh1 Ng4 14.Qe1 Bd7 15.
Bc2 Qc7 16.a5 Rab8 17.h3 Nf6 18.d3 Bc6 19.Be3 Qd7 20.c4 e6 21.Bd4 d5 22.
cxd5 exd5 23.e5 Ne8 24.f5 f6 25.e6 Qe7 26.fxg6 Qxe6 27.gxh7+ Kh8 28.Nf4 
Qf7 29.Bc5 Nc7 30.Bxf8 Rxf8 31.d4 f5 32.Qg3 Kxh7 33.Ne2 Kg8 34.Rxf5 Qe7 
35.Rxf8+ Kxf8 36.Rf1+ Kg8 37.Qg6 1-0

[Event "55th World U20 ch"]
[Site "Bhubaneswar IND"]
[Date "2016.08.10"]
[Round "3.34"]
[White "Palucha, Szymon"]
[Black "Lokander, Martin"]
[Result "1-0"]
[WhiteElo "1932"]
[BlackElo "2365"]
[EventDate "2016.08.08"]
[PlyCount "49"]

1.e4 d6 2.d4 Nf6 3.Nc3 g6 4.f3 a6 5.a4 Bg7 6.Be3 O-O 7.Bc4 c6 8.Bb3 b6 9.
Qd2 Bb7 10.h4 b5 11.h5 e5 12.hxg6 exd4 13.Bxf7+ Rxf7 14.gxf7+ Kxf7 15.Bxd4
Nbd7 16.Nh3 h6 17.Be3 Qf8 18.Nf2 h5 19.Nh3 Ne5 20.Ng5+ Ke7 21.b3 c5 22.Rd1
Qb8 23.axb5 axb5 24.Nxb5 Qe8 25.Qxd6# 1-0

[Event "55th World U20 ch"]
[Site "Bhubaneswar IND"]
[Date "2016.08.10"]
[Round "3.35"]
[White "Papakonstantinou, Dimitrios"]
[Black "Arjun, Kalyan"]
[Result "1-0"]
[WhiteElo "2180"]
[BlackElo "2292"]
[EventDate "2016.08.08"]
[PlyCount "62"]

1.e4 e5 2.Nf3 Nc6 3.Bb5 a6 4.Ba4 Nge7 5.Nc3 g6 6.d4 exd4 7.Nd5 Nxd5 8.exd5
Qe7+ 9.Kf1 Ne5 10.Nxe5 Qxe5 11.Qf3 Be7 12.Bh6 Qf6 13.Qe2 Kd8 14.Re1 Re8 
15.h4 b5 16.d6 cxd6 17.Qd2 Bb7 18.Bg5 Qf5 19.Qa5+ Kc8 20.Rxe7 Rxe7 21.Bxe7
Bxg2+ 22.Kxg2 Qe4+ 23.Kg3 Qe5+ 24.Kh3 Qe6+ 25.Kg2 Qe4+ 26.Kg1 Qg4+ 27.Kf1 
bxa4 28.Bxd6 Qd1+ 29.Kg2 Qxc2 30.Qd5 Ra7 31.Re1 Qc6 1-0

[Event "55th World U20 ch"]
[Site "Bhubaneswar IND"]
[Date "2016.08.10"]
[Round "3.36"]
[White "Holleland, Sigve"]
[Black "Yogit, S."]
[Result "0-1"]
[WhiteElo "2106"]
[BlackElo "2270"]
[EventDate "2016.08.08"]
[PlyCount "146"]

1.c4 e5 2.Nc3 Nf6 3.g3 g6 4.Bg2 Bg7 5.Nf3 Nc6 6.d4 exd4 7.Nxd4 O-O 8.Nxc6 
bxc6 9.O-O Rb8 10.Qa4 a6 11.Qa5 Re8 12.Rb1 Ng4 13.Bg5 f6 14.Bf4 Ne5 15.b3 
d6 16.Rbd1 Bb7 17.Nb1 Qe7 18.Na3 c5 19.Bxb7 Rxb7 20.Qxa6 Rb6 21.Qa5 Nc6 
22.Qd2 Qxe2 23.Rfe1 Qxd2 24.Rxe8+ Kf7 25.Rxd2 Kxe8 26.Nb5 Kd7 27.Re2 f5 
28.Bc1 Ne5 29.Bb2 c6 30.Na3 Nf3+ 31.Kg2 Bxb2 32.Rxb2 Ne1+ 33.Kf1 Nd3 34.
Rd2 Ne5 35.Ke2 Ke6 36.f4 Ng4 37.h3 Nf6 38.Nb1 Ne4 39.Rd3 d5 40.cxd5+ cxd5 
41.Nd2 Rb7 42.Kf3 Ra7 43.a4 Rb7 44.Ke2 d4 45.Rf3 Kd5 46.Kd3 Rb4 47.Kc2 
Nxd2 48.Kxd2 Ke4 49.Rd3 c4 50.bxc4 Rxa4 51.Rb3 Rxc4 52.Rb7 Rc3 53.Re7+ Kf3
54.Rxh7 Kxg3 55.Rd7 Rf3 56.Rd6 Rxf4 57.Rxg6+ Kxh3 58.Kd3 Rg4 59.Rf6 f4 60.
Kxd4 Kg2 61.Ke4 f3+ 62.Ke3 Rg8 63.Rf7 Re8+ 64.Kd2 f2 65.Rg7+ Kf1 66.Rg6 
Rd8+ 67.Kc2 Rd5 68.Rg8 Ke2 69.Re8+ Kf3 70.Rf8+ Kg3 71.Rf7 Rd4 72.Kc1 Rf4 
73.Rg7+ Kf3 0-1

[Event "55th World U20 ch"]
[Site "Bhubaneswar IND"]
[Date "2016.08.10"]
[Round "3.37"]
[White "Tahay, Alexis"]
[Black "Fan Huifeng"]
[Result "0-1"]
[WhiteElo "2098"]
[BlackElo "2223"]
[EventDate "2016.08.08"]
[PlyCount "182"]

1.e4 e5 2.Nf3 Nf6 3.Nxe5 d6 4.Nf3 Nxe4 5.d4 d5 6.Bd3 Nc6 7.O-O Be7 8.Nbd2 
Nxd2 9.Bxd2 Bg4 10.c3 O-O 11.h3 Bh5 12.Re1 Bd6 13.Be2 Re8 14.Bg5 f6 15.Bh4
Ne7 16.Nd2 Bf7 17.Bd3 Ng6 18.Qh5 Qd7 19.Bg3 Bxg3 20.fxg3 c5 21.Qf3 Rxe1+ 
22.Rxe1 cxd4 23.Bxg6 hxg6 24.cxd4 Rc8 25.Qa3 Rc2 26.Nf3 Qb5 27.b3 Qb6 28.
Re7 g5 29.Rd7 Qe6 30.Qe7 Qxe7 31.Rxe7 Rxa2 32.Rxb7 Bg6 33.b4 Be4 34.g4 Kh7
35.Kh1 Bd3 36.b5 Bf1 37.Ne1 Ra5 38.b6 axb6 39.Kg1 Bc4 40.Rxb6 Ra1 41.Kf2 
Ra2+ 42.Kg1 Re2 43.Nf3 Bd3 44.Rd6 Be4 45.Rd7 Re3 46.Kf2 Rd3 47.Ke2 Ra3 48.
Kf2 Ra4 49.Ke3 Ra2 50.Ne1 Kg6 51.Rd6 Kf7 52.Rd7+ Kf8 53.Rb7 Bxg2 54.Rb8+ 
Kf7 55.Rb7+ Ke6 56.Rb6+ Ke7 57.Rb7+ Kd6 58.Nxg2 Rxg2 59.Kf3 Rh2 60.Kg3 Rd2
61.Rxg7 Rxd4 62.Rh7 Rd3+ 63.Kf2 Ke5 64.Ke2 Ra3 65.Re7+ Kd4 66.Rh7 Ra2+ 67.
Kf3 Kc3 68.Rc7+ Kd3 69.Rc6 Ra1 70.Kf2 d4 71.Rxf6 Ra2+ 72.Kf3 Kc2 73.Ke4 d3
74.Rc6+ Kd2 75.Rd6 Ra4+ 76.Kf5 Ke3 77.Re6+ Kf3 78.Kxg5 Ra5+ 79.Kh4 Rd5 80.
Re1 d2 81.Rd1 Ke2 82.Ra1 d1=Q 83.Rxd1 Rxd1 84.g5 Kf3 85.g6 Kf4 86.Kh5 Kf5 
87.g7 Rg1 88.Kh6 Kf6 89.h4 Rxg7 90.h5 Rg1 91.Kh7 Rh1 0-1

[Event "55th World U20 ch"]
[Site "Bhubaneswar IND"]
[Date "2016.08.10"]
[Round "3.38"]
[White "Squella Lavin, Carlos Felipe"]
[Black "Avik, Sarker"]
[Result "1-0"]
[WhiteElo "2203"]
[BlackElo "2000"]
[EventDate "2016.08.08"]
[PlyCount "90"]

1.d4 Nf6 2.c4 e6 3.Nc3 d5 4.cxd5 exd5 5.Bg5 Be7 6.e3 c6 7.Bd3 Ne4 8.Bf4 
Bf5 9.Nge2 Nxc3 10.bxc3 Bxd3 11.Qxd3 Nd7 12.O-O O-O 13.a4 Nf6 14.f3 Nh5 
15.e4 Nxf4 16.Nxf4 Qd6 17.Ne2 Qg6 18.Ng3 Rfe8 19.Nf5 Bf8 20.e5 Qe6 21.f4 
g6 22.Ne3 f5 23.g4 fxg4 24.f5 gxf5 25.Rxf5 Be7 26.Nxg4 Rf8 27.Raf1 Rxf5 
28.Qxf5 Qxf5 29.Nh6+ Kg7 30.Nxf5+ Kf7 31.Rf3 Rg8+ 32.Kf2 Ke6 33.Nxe7 Kxe7 
34.Rh3 Rg7 35.Rh6 Kd7 36.Kf3 Rf7+ 37.Kg4 Kc7 38.Kg5 a5 39.Rf6 Re7 40.Kf5 
Kd7 41.Rf8 Re8 42.Rf7+ Kc8 43.e6 h5 44.Ke5 Rh8 45.e7 Re8 1-0

[Event "55th World U20 ch"]
[Site "Bhubaneswar IND"]
[Date "2016.08.10"]
[Round "3.39"]
[White "Hsu Chuan Chia"]
[Black "Subhayan, Kundu"]
[Result "0-1"]
[WhiteElo "1777"]
[BlackElo "2189"]
[EventDate "2016.08.08"]
[PlyCount "74"]

1.e4 e6 2.d3 d5 3.Nd2 Nf6 4.Ngf3 Bc5 5.e5 Nfd7 6.d4 Be7 7.Bd3 c5 8.c3 Nc6 
9.Bb1 Qb6 10.Nb3 a5 11.dxc5 Nxc5 12.O-O Bd7 13.Be3 a4 14.Nxc5 Bxc5 15.Bxc5
Qxc5 16.Qd2 h6 17.Bc2 Ke7 18.b3 axb3 19.axb3 Rxa1 20.Rxa1 Rc8 21.c4 Nb4 
22.Bh7 dxc4 23.bxc4 Qxc4 24.Qd6+ Ke8 25.Rd1 Nd5 26.h3 g6 27.Qa3 Qc3 28.Qa7
Qb3 29.Rd4 Kf8 30.Nd2 Qb6 31.Qa1 Rc1+ 32.Qxc1 Qxd4 33.Nf3 Qf4 34.Qa3+ Kg7 
35.g3 Qb4 36.Qa8 Kxh7 37.Qd8 Qe7 0-1

[Event "55th World U20 ch"]
[Site "Bhubaneswar IND"]
[Date "2016.08.11"]
[Round "4.1"]
[White "Narayanan, Sunilduth Lyna"]
[Black "Artemiev, Vladislav"]
[Result "1/2-1/2"]
[WhiteElo "2515"]
[BlackElo "2665"]
[EventDate "2016.08.08"]
[PlyCount "156"]

1.d4 Nf6 2.c4 g6 3.Nc3 d5 4.Nf3 Bg7 5.cxd5 Nxd5 6.e4 Nxc3 7.bxc3 c5 8.Be3 
Qa5 9.Qd2 Nd7 10.Bd3 O-O 11.Rc1 Nb6 12.Bh6 f6 13.Bxg7 Kxg7 14.h4 Bg4 15.h5
g5 16.Ne5 Bc8 17.h6+ Kh8 18.d5 Qa4 19.Nf3 Rg8 20.Qe3 g4 21.Nd2 c4 22.Be2 
Qa3 23.O-O Rg5 24.Nxc4 Nxc4 25.Bxc4 Qd6 26.Be2 Rh5 27.g3 Bd7 28.c4 b6 29.
Kg2 Rc8 30.Rh1 Rg5 31.Rh4 Rc5 32.Qf4 Ra5 33.Rc2 Kg8 34.Qxd6 exd6 35.f4 
gxf3+ 36.Bxf3 Kf7 37.Rh5 Kg6 38.Rh4 Ra3 39.Rf4 Kf7 40.Rh4 Ke7 41.Kf2 Rg6 
42.Kg2 Rd3 43.Kf2 Ba4 44.Rb2 Bd1 45.Bxd1 Rxd1 46.Re2 Rc1 47.Kf3 Rxc4 48.
Re3 Rc5 49.Rh2 Kf7 50.Ra3 Rc7 51.Kf4 Rg5 52.g4 Kg6 53.Rh5 Re5 54.Rf5 Rc4 
55.Rxe5 fxe5+ 56.Kf3 Rc7 57.Kg3 Kxh6 58.Kh4 Kg6 59.Ra6 h6 60.Ra3 a5 61.Rb3
Rc2 62.Rxb6 Rh2+ 63.Kg3 Rxa2 64.Rxd6+ Kg5 65.Re6 Ra3+ 66.Kf2 Kf4 67.Rxh6 
Rf3+ 68.Ke2 Re3+ 69.Kf2 Rxe4 70.Ra6 a4 71.d6 Rd4 72.d7 Rd2+ 73.Ke1 Rxd7 
74.Rxa4+ e4 75.Ra3 Rb7 76.Ke2 Rb2+ 77.Ke1 e3 78.Ra8 Kxg4 1/2-1/2

[Event "55th World U20 ch"]
[Site "Bhubaneswar IND"]
[Date "2016.08.11"]
[Round "4.2"]
[White "Xiong, Jeffery"]
[Black "Yuan Qingyu"]
[Result "1-0"]
[WhiteElo "2633"]
[BlackElo "2366"]
[EventDate "2016.08.08"]
[PlyCount "79"]

1.Nf3 Nf6 2.c4 e6 3.Nc3 Bb4 4.Qc2 O-O 5.a3 Bxc3 6.Qxc3 d6 7.e3 e5 8.Be2 a5
9.b3 b6 10.Bb2 Bb7 11.d3 Nbd7 12.O-O Qe7 13.Rfe1 Rfe8 14.Rac1 d5 15.d4 e4 
16.Ne5 Rec8 17.c5 c6 18.cxb6 Nxb6 19.a4 Rc7 20.Qd2 Ne8 21.Bc3 f6 22.Bxa5 
Rxa5 23.Qxa5 Nc8 24.Nxc6 Rxc6 25.Rxc6 Bxc6 26.Rc1 Bb7 27.b4 Ncd6 28.Qc5 
Kf7 29.a5 Nc4 30.Rxc4 dxc4 31.Bxc4+ Kf8 32.a6 Ba8 33.b5 Nd6 34.b6 g6 35.
Bd5 Bxd5 36.Qxd5 Kg7 37.a7 Nf5 38.a8=Q Qb4 39.Qdg8+ Kh6 40.Qaf8+ 1-0

[Event "55th World U20 ch"]
[Site "Bhubaneswar IND"]
[Date "2016.08.11"]
[Round "4.3"]
[White "Mosadeghpour, Masoud"]
[Black "Alexeenko, Kiril"]
[Result "1-0"]
[WhiteElo "2437"]
[BlackElo "2582"]
[EventDate "2016.08.08"]
[PlyCount "85"]

1.e4 c5 2.d4 cxd4 3.c3 dxc3 4.Nxc3 Nc6 5.Nf3 e6 6.Bc4 a6 7.O-O Nge7 8.Bg5 
h6 9.Be3 b5 10.Bb3 Bb7 11.Re1 Na5 12.Ne5 Nxb3 13.Bb6 Qc8 14.Qf3 Nf5 15.Qh5
g6 16.Nxg6 Ng7 17.Qg4 fxg6 18.Qxg6+ Ke7 19.e5 Nh5 20.axb3 Qc6 21.Ba5 Qxg2+
22.Qxg2 Bxg2 23.Kxg2 Ke8 24.Re4 Be7 25.Bb6 b4 26.Nb5 Kf7 27.Nc7 Rab8 28.
Be3 Rbc8 29.Nxa6 Rc2 30.Rd4 Bg5 31.Rxd7+ Kg6 32.Nxb4 Rxb2 33.Nd3 Rxb3 34.
Nc5 Rb6 35.Raa7 Bxe3 36.fxe3 Rb2+ 37.Kf3 Re8 38.Ra6 Ng7 39.Nd3 Rf8+ 40.
Nf4+ Rxf4+ 41.exf4 Rb3+ 42.Ke4 Rb4+ 43.Rd4 1-0

[Event "55th World U20 ch"]
[Site "Bhubaneswar IND"]
[Date "2016.08.11"]
[Round "4.4"]
[White "Svane, Rasmus"]
[Black "Harsha, Bharathakoti"]
[Result "1-0"]
[WhiteElo "2546"]
[BlackElo "2344"]
[EventDate "2016.08.08"]
[PlyCount "137"]

1.c4 e5 2.g3 Nf6 3.Bg2 c6 4.d4 exd4 5.Qxd4 d5 6.Nf3 Be7 7.O-O O-O 8.cxd5 
cxd5 9.Nc3 Nc6 10.Qa4 Qb6 11.Qb5 d4 12.Qxb6 axb6 13.Nb5 Rd8 14.Bf4 Nd5 15.
Be5 Nxe5 16.Nxe5 Bf6 17.Nc4 Bd7 18.Nbd6 Bc6 19.Bxd5 Bxd5 20.Nxb6 Rxa2 21.
Nxd5 Rxa1 22.Rxa1 Rxd6 23.Ra8+ Bd8 24.Nb6 Kf8 25.Nc4 Rd7 26.Rb8 Ke7 27.Ne5
Rc7 28.Kg2 Ke6 29.Nxf7 Bf6 30.Nd8+ Kd7 31.Nxb7 Rc2 32.Na5 Rxe2 33.Kf3 Rc2 
34.Rb5 d3 35.Rd5+ Ke6 36.Rxd3 Rxb2 37.Nb3 Rc2 38.Nd2 Rc3 39.Rxc3 Bxc3 40.
Ne4 Bb4 41.Kf4 Kf7 42.Kf5 h6 43.f3 Ba3 44.Nd2 g6+ 45.Ke4 Bc5 46.Ke5 Bg1 
47.h3 Ba7 48.g4 Bb8+ 49.Ke4 Bd6 50.Nc4 Bb4 51.Ne3 Bc3 52.Nd5 Ba1 53.f4 Bb2
54.h4 Bc1 55.h5 gxh5 56.gxh5 Bd2 57.Kf5 Bc1 58.Nb4 Be3 59.Nd3 Bd2 60.Ne5+ 
Kg7 61.Ng4 Bc1 62.Ke5 Bd2 63.f5 Bc3+ 64.Ke6 Bb2 65.f6+ Kh7 66.Ke7 Ba3+ 67.
Ke8 Bb4 68.Ne3 Ba3 69.Nf5 1-0

[Event "55th World U20 ch"]
[Site "Bhubaneswar IND"]
[Date "2016.08.11"]
[Round "4.5"]
[White "Visakh, N. R."]
[Black "Aravindh, Chithambaram"]
[Result "1/2-1/2"]
[WhiteElo "2431"]
[BlackElo "2543"]
[EventDate "2016.08.08"]
[PlyCount "219"]

1.d4 d5 2.Nf3 Nf6 3.c4 c6 4.e3 Bf5 5.Bd3 Bxd3 6.Qxd3 e6 7.O-O Nbd7 8.Nbd2 
Be7 9.e4 dxc4 10.Qxc4 O-O 11.b3 c5 12.Bb2 cxd4 13.Bxd4 a6 14.Qe2 Rc8 15.
Rac1 Ba3 16.Rcd1 Be7 17.Nc4 Qc7 18.a4 b5 19.axb5 axb5 20.Nce5 Nc5 21.Bxc5 
Bxc5 22.Qxb5 Nxe4 23.Rd7 Qb8 24.Qxb8 Rxb8 25.Rd3 Rfd8 26.Rxd8+ Rxd8 27.b4 
Bb6 28.Nc4 Ba7 29.g3 Rb8 30.Rb1 Bc5 31.b5 Nxf2 32.Kg2 f6 33.b6 Ne4 34.b7 
Kf8 35.Na5 Nd6 36.Nd2 Ke8 37.Ne4 Nxe4 38.Nc6 Bd6 39.Nxb8 Bxb8 40.Rc1 Kf7 
41.Rc8 Be5 42.b8=Q Bxb8 43.Rxb8 h5 44.Kf3 Nd2+ 45.Ke2 Nc4 46.Rh8 Kg6 47.h3
Nd6 48.Kf3 Nf7 49.Rg8 Nh6 50.Ra8 Nf5 51.Ra4 h4 52.g4 Nd6 53.Ra6 Nf7 54.Kg2
Ng5 55.Ra7 e5 56.Re7 Kh6 57.Re8 Kh7 58.Kh2 Nf3+ 59.Kg2 Ne1+ 60.Kf2 Nd3+ 
61.Kf3 Nf4 62.g5 Nxh3 63.gxf6 gxf6 64.Kg4 Ng5 65.Kxh4 Kg6 66.Kg4 f5+ 67.
Kh4 Kf6 68.Rf8+ Nf7 69.Kg3 Ke7 70.Ra8 Kf6 71.Rf8 Ke6 72.Kf3 Ng5+ 73.Ke3 
Nh7 74.Re8+ Kf6 75.Rh8 Kg6 76.Rg8+ Kf7 77.Rh8 Nf6 78.Ra8 Kg6 79.Rf8 Kg5 
80.Kf3 e4+ 81.Ke3 Ng4+ 82.Ke2 f4 83.Rg8+ Kh4 84.Re8 f3+ 85.Ke1 e3 86.Rf8 
Kg3 87.Rg8 Kf4 88.Rf8+ Ke4 89.Re8+ Ne5 90.Kf1 Kd4 91.Rd8+ Kc3 92.Re8 Kd4 
93.Rd8+ Ke4 94.Re8 Kf5 95.Rf8+ Kg5 96.Rg8+ Ng6 97.Ke1 Kf5 98.Kf1 Nf4 99.
Re8 Nd5 100.Ke1 Kf4 101.Rf8+ Ke4 102.Re8+ Kf5 103.Rf8+ Nf6 104.Kf1 Ke6 
105.Ke1 Ke7 106.Rh8 Ne4 107.Rh3 f2+ 108.Ke2 Nc3+ 109.Kf1 Nd5 110.Rxe3+ 
1/2-1/2

[Event "55th World U20 ch"]
[Site "Bhubaneswar IND"]
[Date "2016.08.11"]
[Round "4.6"]
[White "Xu Yi"]
[Black "Karthikeyan, Murali"]
[Result "0-1"]
[WhiteElo "2371"]
[BlackElo "2514"]
[EventDate "2016.08.08"]
[PlyCount "152"]

1.e4 c5 2.Nf3 d6 3.Bb5+ Nd7 4.O-O Nf6 5.Re1 a6 6.Bd3 g6 7.a4 Bg7 8.c3 O-O 
9.Bc2 Ne5 10.Nxe5 dxe5 11.Bb3 Nh5 12.d3 Nf4 13.d4 cxd4 14.cxd4 Qa5 15.Bd2 
Qb6 16.d5 Bg4 17.Qxg4 Qxb3 18.Bc3 f5 19.Qf3 fxe4 20.Qxe4 Rad8 21.Nd2 Qxd5 
22.Qxd5+ Rxd5 23.Ne4 Ne6 24.Kf1 Nd4 25.Rad1 h6 26.Rd3 Rc8 27.Red1 Rc4 28.
b3 Rc8 29.Bb4 Kf7 30.Rc3 Rdd8 31.Ba5 Rxc3 32.Bxc3 Rc8 33.Bxd4 exd4 34.Ke2 
Ke6 35.Kd3 Kd5 36.Re1 Be5 37.h3 g5 38.Rh1 Bf4 39.Re1 h5 40.f3 Be3 41.Re2 
g4 42.hxg4 hxg4 43.Rc2 Rxc2 44.Kxc2 gxf3 45.gxf3 b6 46.Kd3 Ke5 47.b4 Kd5 
48.Ng3 Bg5 49.Nf5 e5 50.b5 axb5 51.axb5 Kc5 52.Ke4 Bf4 53.Kd3 Kxb5 54.Nd6+
Kb4 55.Kc2 b5 56.Ne4 Ka3 57.Nc5 Kb4 58.Nd3+ Kc4 59.Nb2+ Kd5 60.Kd3 Bc1 61.
Nd1 Ba3 62.Nf2 b4 63.Ne4 b3 64.Nd2 b2 65.Kc2 Bb4 66.Nb1 Kc4 67.Kxb2 d3 68.
Kc1 Kd4 69.Nd2 Bxd2+ 70.Kxd2 Kc4 71.Kd1 Kc3 72.Kc1 d2+ 73.Kd1 Kd3 74.f4 e4
75.f5 e3 76.f6 e2# 0-1

[Event "55th World U20 ch"]
[Site "Bhubaneswar IND"]
[Date "2016.08.11"]
[Round "4.7"]
[White "Gandhi, Anish"]
[Black "Beradze, Irakli"]
[Result "1/2-1/2"]
[WhiteElo "2156"]
[BlackElo "2440"]
[EventDate "2016.08.08"]
[PlyCount "133"]

1.e4 e5 2.Nf3 Nc6 3.Bb5 a6 4.Ba4 Nf6 5.O-O b5 6.Bb3 Be7 7.Re1 d6 8.c3 O-O 
9.h3 Bb7 10.d4 Re8 11.Nbd2 Bf8 12.Bc2 h6 13.a4 exd4 14.cxd4 Nb4 15.Bb1 c5 
16.d5 g6 17.Ra3 Bg7 18.Nf1 Nd7 19.N1h2 Nb6 20.Ng4 Kh7 21.h4 Bc8 22.Nfh2 
Nc4 23.Rh3 h5 24.Bg5 Nxb2 25.Qe2 f6 26.Nxf6+ Bxf6 27.e5 N2d3 28.Rxd3 Bf5 
29.Re3 Bxg5 30.Bxf5 Kg7 31.hxg5 Nxd5 32.Be4 Nxe3 33.Bxa8 Nc4 34.Be4 d5 35.
Rd1 Rxe5 36.f4 Re6 37.Qd3 d4 38.f5 gxf5 39.Bxf5 Re3 40.Qf1 Qxg5 41.Bb1 Rg3
42.Nf3 Rxg2+ 43.Qxg2 Qxg2+ 44.Kxg2 Ne3+ 45.Kf2 Nxd1+ 46.Ke1 Nc3 47.axb5 
axb5 48.Bc2 Kf6 49.Kd2 Nd5 50.Be4 Nb4 51.Bh7 Nc6 52.Bd3 b4 53.Be2 Kf5 54.
Kd3 b3 55.Kc4 b2 56.Nd2 Na5+ 57.Kb5 Kf4 58.Bxh5 c4 59.Bg6 c3 60.Nb1 Nb3 
61.Kb4 Kg5 62.Bh7 Kh6 63.Bc2 Na1 64.Bd3 c2 65.Bxc2 Nxc2+ 66.Kc4 Kg5 67.Kd3
1/2-1/2

[Event "55th World U20 ch"]
[Site "Bhubaneswar IND"]
[Date "2016.08.11"]
[Round "4.8"]
[White "Maghsoodloo, Parham"]
[Black "Ivekovic, Bozidar"]
[Result "1-0"]
[WhiteElo "2576"]
[BlackElo "2351"]
[EventDate "2016.08.08"]
[PlyCount "63"]

1.Nf3 c5 2.c4 Nc6 3.Nc3 g6 4.e3 d6 5.d4 Bg4 6.Be2 cxd4 7.exd4 Bg7 8.d5 
Bxf3 9.Bxf3 Nd4 10.Bg4 h5 11.Bh3 Nh6 12.O-O Nhf5 13.Be3 O-O 14.Qd3 Qa5 15.
Rad1 Qb4 16.Rd2 Rac8 17.Bxd4 Nxd4 18.Bxc8 Rxc8 19.Re1 Nf5 20.Re4 a5 21.g3 
Bf6 22.Kg2 Nh6 23.h3 Nf5 24.Rc2 Kf8 25.b3 Kg7 26.Na4 Be5 27.c5 Qa3 28.Nb6 
Rxc5 29.Ra4 Rxc2 30.Rxa3 Rc3 31.Qd2 Nxg3 32.fxg3 1-0

[Event "55th World U20 ch"]
[Site "Bhubaneswar IND"]
[Date "2016.08.11"]
[Round "4.9"]
[White "Viennot, Dylan"]
[Black "Xu Yinglun"]
[Result "0-1"]
[WhiteElo "2342"]
[BlackElo "2516"]
[EventDate "2016.08.08"]
[PlyCount "70"]

1.e4 c5 2.Nf3 d6 3.d4 cxd4 4.Nxd4 Nf6 5.Nc3 a6 6.h3 e6 7.g4 b5 8.Bg2 Bb7 
9.O-O Nfd7 10.f4 Nc6 11.Be3 Rc8 12.g5 Nxd4 13.Qxd4 Rc4 14.Qd3 Nc5 15.Bxc5 
dxc5 16.Qxd8+ Kxd8 17.Rfd1+ Kc7 18.a3 Be7 19.Kf2 h6 20.h4 hxg5 21.hxg5 f6 
22.g6 Rh6 23.f5 exf5 24.Bf1 Rxc3 25.bxc3 fxe4 26.c4 b4 27.Bg2 e3+ 28.Kf1 
e2+ 29.Kxe2 Rh2 30.Rg1 Bxg2 31.Kd3 bxa3 32.c3 a2 33.Rge1 Bd6 34.Re2 Be5 
35.Rexa2 Bf1+ 0-1

[Event "55th World U20 ch"]
[Site "Bhubaneswar IND"]
[Date "2016.08.11"]
[Round "4.10"]
[White "Gagare, Shardul"]
[Black "Belous, Mikhail"]
[Result "1-0"]
[WhiteElo "2486"]
[BlackElo "2343"]
[EventDate "2016.08.08"]
[PlyCount "134"]

1.d4 Nf6 2.c4 g6 3.Nf3 Bg7 4.g3 O-O 5.Bg2 d6 6.O-O Nbd7 7.Nc3 e5 8.e4 exd4
9.Nxd4 Re8 10.h3 a6 11.Be3 Rb8 12.b3 c5 13.Nde2 b5 14.Qxd6 b4 15.e5 Nh5 
16.f4 bxc3 17.g4 Nxf4 18.Bxf4 Rb6 19.Qd3 Nxe5 20.Qxd8 Rxd8 21.Nxc3 Nxc4 
22.Nd5 Bxa1 23.Rxa1 Rxd5 24.Bxd5 Nd6 25.Rc1 Nb7 26.Bc7 Rb4 27.Bc4 Be6 28.
Bxa6 h5 29.gxh5 gxh5 30.Rc3 Bd5 31.Rg3+ Kf8 32.Rg5 Rd4 33.Be5 Rd1+ 34.Kf2 
Rd2+ 35.Ke3 Rxa2 36.Bg7+ Ke7 37.Re5+ Kd6 38.Rxd5+ Kxd5 39.Bxb7+ Ke6 40.Kd3
Rh2 41.Bc8+ Kd5 42.Bf5 Rf2 43.Be4+ Ke6 44.Bf8 Rh2 45.Bxc5 Rxh3+ 46.Kd4 Rh4
47.Ke3 Rg4 48.Kf3 Rg5 49.Be3 Rb5 50.Bd3 Rb7 51.Kf4 Kd6 52.Bc4 Kc6 53.Kg5 
Re7 54.Bf2 Re5+ 55.Kf6 Re4 56.Kf5 Re7 57.Bf1 Rd7 58.b4 Rd5+ 59.Kf4 Rb5 60.
Be1 f6 61.Bc3 Kb6 62.Bc4 Kc6 63.Be2 Kb6 64.Kg3 Kc6 65.Bxb5+ Kxb5 66.Kh4 
Kc4 67.Be1 Kb5 1-0

[Event "55th World U20 ch"]
[Site "Bhubaneswar IND"]
[Date "2016.08.11"]
[Round "4.11"]
[White "Rajdeep, Sarkar"]
[Black "Lorparizangeneh, Shahin"]
[Result "1/2-1/2"]
[WhiteElo "2351"]
[BlackElo "2478"]
[EventDate "2016.08.08"]
[PlyCount "61"]

1.d4 Nf6 2.Nf3 g6 3.Nbd2 c5 4.dxc5 Qa5 5.a3 Qxc5 6.b4 Qc7 7.Bb2 Bg7 8.c4 
O-O 9.e3 b6 10.Be2 Bb7 11.O-O d6 12.Qb3 Nbd7 13.Rfc1 Rac8 14.Bc3 e5 15.Qb2
Rfe8 16.a4 a5 17.bxa5 bxa5 18.Nb3 Ra8 19.Nfd2 Bc6 20.Qa3 Rec8 21.c5 Nxc5 
22.Nxc5 dxc5 23.Qxc5 Qd8 24.Qa3 Nd5 25.Nf3 Qe8 26.Be1 h6 27.Rab1 Bxa4 28.
Rxc8 Rxc8 29.Bxa5 Ra8 30.Qc5 Nf6 31.Be1 1/2-1/2

[Event "55th World U20 ch"]
[Site "Bhubaneswar IND"]
[Date "2016.08.11"]
[Round "4.13"]
[White "Nasuta, Grzegorz"]
[Black "Srijit, Paul"]
[Result "1-0"]
[WhiteElo "2442"]
[BlackElo "2217"]
[EventDate "2016.08.08"]
[PlyCount "78"]

1.e4 c5 2.Nf3 e6 3.d4 cxd4 4.Nxd4 Nc6 5.Nc3 a6 6.Nxc6 bxc6 7.Bd3 d5 8.O-O 
Nf6 9.Qf3 Bb7 10.e5 Nd7 11.Qg3 c5 12.b3 g6 13.Bf4 Bg7 14.Na4 O-O 15.c4 f6 
16.cxd5 Bxd5 17.Rac1 fxe5 18.Be3 e4 19.Be2 Qa5 20.Bc4 Be5 21.Qg4 Rf5 22.
Nxc5 Nxc5 23.Bxd5 exd5 24.Rxc5 Qxa2 25.Rxd5 Qxb3 26.Rfd1 Re8 27.g3 Qa4 28.
Rc5 Ref8 29.Rdd5 Qa2 30.Rd2 Qb1+ 31.Rd1 Qb4 32.Qe2 a5 33.Qa2+ Kh8 34.Rxa5 
Bg7 35.Ra4 Qb7 36.Ra7 Qb2 37.Qxb2 Bxb2 38.Rdd7 h5 39.Re7 Kg8 1-0

[Event "55th World U20 ch"]
[Site "Bhubaneswar IND"]
[Date "2016.08.11"]
[Round "4.14"]
[White "Grandadam, Patrik"]
[Black "Praggnanandhaa, R."]
[Result "0-1"]
[WhiteElo "2325"]
[BlackElo "2429"]
[EventDate "2016.08.08"]
[PlyCount "148"]

1.d4 Nf6 2.c4 e6 3.Nf3 d5 4.Nc3 Be7 5.Bg5 O-O 6.e3 h6 7.Bh4 b6 8.cxd5 Nxd5
9.Bxe7 Qxe7 10.Qb3 Bb7 11.Nxd5 Bxd5 12.Qc3 c5 13.Be2 cxd4 14.Nxd4 e5 15.
Nf3 Nc6 16.Rd1 Qe6 17.O-O Rac8 18.Ba6 Rc7 19.Nxe5 Bxg2 20.Kxg2 Qxe5 21.
Qxe5 Nxe5 22.Rc1 Rd7 23.Rfd1 Rfd8 24.Rxd7 Rxd7 25.Rc8+ Kh7 26.Rc2 g5 27.
Bc8 Rd1 28.Bf5+ Kg7 29.h3 Kf6 30.Bg4 Rd6 31.Bh5 Rc6 32.Rd2 Ke7 33.Bg4 Rd6 
34.Rc2 Rc6 35.Rd2 Rc7 36.Kg3 f6 37.Bf5 h5 38.f4 Nc4 39.Re2 Nd6 40.Bg6 h4+ 
41.Kg4 Rc5 42.e4 gxf4 43.Kxf4 Nc4 44.Bf5 Ne5 45.Rg2 Kf7 46.Bh7 Rc1 47.Ke3 
Re1+ 48.Kd2 Nf3+ 49.Kc3 Ng5 50.Bf5 Nxe4+ 51.Bxe4 Rxe4 52.Kd3 f5 53.Rc2 Kf6
54.Rg2 Ke5 55.Rg1 a5 56.b3 Kf6 57.Rc1 Re6 58.Rg1 f4 59.Rg4 Kf5 60.Rxh4 f3 
61.Rh8 Kf4 62.Rf8+ Kg3 63.h4 f2 64.Rg8+ Kxh4 65.Rf8 Kg3 66.Rg8+ Kh2 67.
Rh8+ Kg1 68.Rg8+ Kf1 69.Kd2 Rd6+ 70.Kc2 Rd5 71.a3 Ke2 72.Re8+ Kf3 73.Rf8+ 
Ke3 74.Rf7 Rd4 0-1

[Event "55th World U20 ch"]
[Site "Bhubaneswar IND"]
[Date "2016.08.11"]
[Round "4.15"]
[White "Barath Kalyan, M."]
[Black "Menezes, Christoph"]
[Result "1/2-1/2"]
[WhiteElo "2197"]
[BlackElo "2408"]
[EventDate "2016.08.08"]
[PlyCount "96"]

1.d4 Nf6 2.c4 e6 3.g3 c5 4.Nf3 cxd4 5.Nxd4 Nc6 6.Bg2 Bc5 7.Nb3 Be7 8.O-O 
O-O 9.e4 d6 10.Qe2 a6 11.Be3 Qc7 12.f4 b5 13.Nc3 b4 14.Na4 Rb8 15.c5 d5 
16.exd5 Nxd5 17.Bf2 Bf6 18.Nb6 Nce7 19.Rfd1 Bd7 20.Nxd7 Qxd7 21.Rd2 Ra8 
22.Na5 Qb5 23.Nc4 Rab8 24.Bf1 Rfd8 25.Rad1 g6 26.Nb6 Qxe2 27.Bxe2 a5 28.
Bc4 Kf8 29.b3 Bc3 30.Rd3 Rb7 31.Nxd5 Nxd5 32.Bxd5 exd5 33.c6 Rb5 34.Rxd5 
Rbxd5 35.Rxd5 Rc8 36.Rc5 Ke7 37.Rxa5 Rxc6 38.a3 bxa3 39.Rxa3 Ke6 40.Ra7 
Bb4 41.Rb7 Bc5 42.Bxc5 Rxc5 43.Kg2 Rc2+ 44.Kh3 h5 45.Rb6+ Ke7 46.Rb7+ Ke6 
47.Rb6+ Ke7 48.Rb7+ Ke6 1/2-1/2